Städte und Gemeinden in Salzburg - Sudden Death - Statistiken

Allgemein
  • Dieses Quiz wurde 85 mal gespielt
  • Das Durchschnittsergebnis liegt bei 9 aus 15
Answers on the Grid
Answers color-coded by a green-red scale on the quiz's grid according to % correct below.
Salzburg
Hallein
Zell am See
Saalfelden
Mittersill
Tamsweg
Bischofshofen
Seekirchen am Wallersee
Abtenau
Flachau
Schwarzach im Pongau
Bad Gastein
Lofer
Murau
Gmünd
Freilassing
Schärding
Rottenmann
Bad Ischl
Mondsee
Laufen
Eggenfelden
Scheibbs
Fieberbrunn
Rankweil
Bad Hall
Wildon
Mattighofen
Werfen
Krimml
 
Antwortstatistiken
Antwort % Korrekt
Salzburg
73%
Zell am See
73%
Seekirchen am Wallersee
67%
Abtenau
60%
Bischofshofen
60%
Schwarzach im Pongau
57%
Tamsweg
57%
Bad Gastein
53%
Flachau
53%
Hallein
53%
Krimml
53%
Mittersill
53%
Saalfelden
53%
Werfen
50%
Lofer
40%
Keine übereinstimmenden Quizze gefunden
Verteilung der Resultate
Anzahl Personen mit jedem Resultat
Perzentil nach korrekt beantworteten Fragen
Ihre Resultats-Entwicklung
Sie haben dieses Quiz noch nicht gespielt